Movies Quiz

Random Movies or Disney Quiz

Disney Movie from the Prince's First Line Quiz Stats

 Plays Quiz not verified by Sporcle

Support Sporcle.
Go Orange.
Score 0/11 Timer 10:00
0 Plays Today
% Correct
Frozen
99%
Aladdin
97.9%
The Little Mermaid
92.8%
Tangled
90.7%
The Princess and the Frog
89.7%
Sleeping Beauty
77.3%
Pocahontas
75.3%
Beauty and the Beast
75.3%
Mulan
74.2%
Snow White and the Seven Dwarfs
72.2%
Cinderella
66%

You're not logged in!

Compare scores with friends on all Sporcle quizzes.
OR
Log In

From the Vault

A-Z Images Ending in 'A'

by sproutcm

All good images must come to an end.
Remove Ads.
Support Sporcle.
Get the best of Sporcle when you Go Orange. This ad-free experience offers more features, more stats, and more fun while also helping to support Sporcle. Thank you for becoming a member.

Show Comments

Extras

Top Quizzes Today


Score Distribution

Your Account Isn't Verified!

In order to create a playlist on Sporcle, you need to verify the email address you used during registration. Go to your Sporcle Settings to finish the process.

Report this User

Report this user for behavior that violates our Community Guidelines.

Details: